Orogenic processes in the alpine collision zone

Bibliographic Details
Other Authors: Froitzheim, Nikolaus, 1958- (Editor), Schmid, Stefan M., 1943- (Editor)
Format: Book
Language:English
PhysicalDescription:310 strán fotografie, grafy, mapy, tabuľky 28 cm
Published: Basel Boston Berlin Birkhäuser Verlag 2008
ISBN:9783764399511
ISSN:1661-8726
Edition:Suplementary issue
Series:Swiss Journal of Geosciences
Subjects:

MARC

LEADER 00000nam a2200000 4500
001 vtls012135558
003 SK-MaSNL
005 20260301191726.0
008 220518s2008 sz odblfrn 000 0 eng
015 |a SNBZSA2024/01 
020 |a 9783764399511  |q (brožované) 
040 |a SNK  |b slo  |c SNK  |e rda 
041 0 |a eng 
043 |a e------ 
044 |a sz  |c CH  |a gw  |c DE  |a xxu  |c US 
072 7 |a 551  |x Geológia. Meteorológia. Klimatológia  |2 konspekt 
080 |a 551.4.035-027.1  |2 2011 
080 |a 551.4  |2 2011 
080 |a (048.8)  |2 2011 
080 |a (082)  |2 2011 
080 |a (234.3)  |2 2011 
080 |a 551.24  |2 2011 
080 |a 551.7  |2 2011 
080 |a 91  |2 2011 
245 0 0 |a Orogenic processes in the alpine collision zone  |c guest editors: Nikolaus Froitzheim, Stefan M. Schmid 
250 |a Suplementary issue 
264 1 |a Basel  |a Boston  |a Berlin  |b Birkhäuser Verlag  |c 2008 
300 |a 310 strán  |b fotografie, grafy, mapy, tabuľky  |c 28 cm 
336 |a text  |b txt  |2 rdacontent 
337 |a bez média  |b n  |2 rdamedia 
338 |a zväzok  |b nc  |2 rdacarrier 
490 1 |a Swiss Journal of Geosciencest  |x 1661-8726  |v Supplement 1, Vol 101 
500 |a Štúdie boli prezentované na workshope, ktorý sa konal v meste Davos 10-12 októbra 2007 
504 |a Bibliografia za jednotlivými príspevkami 
650 0 7 |a orogenéza  |2 SNKPH  |9 568735 
650 0 7 |a Orogeny  |2 SNKPHeng  |9 568736 
650 0 7 |a geomorfológia  |2 SNKPH  |9 22491 
650 0 7 |a Geomorphology  |2 SNKPHeng  |9 265633 
650 0 7 |a tektonika (geológia)  |2 SNKPH  |9 79034 
650 0 7 |a Tectonics (Geology)  |2 SNKPHeng  |9 156819 
650 0 7 |a historická geológia  |2 SNKPH  |9 67992 
650 0 7 |a Historical geology  |2 SNKPHeng  |9 132136 
650 0 7 |a geografia  |2 SNKPH  |9 823 
650 0 7 |a Geography  |2 SNKPHeng  |9 265075 
651 7 |a Alpy (pohorie)  |2 SNKPHgeo  |9 51997 
651 7 |a Alps  |2 SNKPHeng 
655 7 |a štúdie  |2 SNKPH  |9 57033 
655 7 |a zborníky  |2 SNKPH  |9 70165 
655 7 |a Studies  |2 SNKPHeng  |9 265573 
655 7 |a Papers of several authors  |2 SNKPHeng  |9 153738 
700 1 |a Froitzheim, Nikolaus,  |d 1958-  |4 edt  |9 235165 
700 1 |a Schmid, Stefan M.,  |d 1943-  |4 edt  |9 235166 
830 0 |a Swiss Journal of Geosciences  |9 568737 
852 |a Slovenská národná knižnica 
919 |a 978-3-7643-9951-1 
954 |a odborná, vedecká literatúra cudzojazyčná (svetová)  |2 lita 
954 |a odborná, vedecká literatúra pôvodná (slovenská)  |2 lita 
958 |a ZS 
958 |a NB 
999 |c 872005  |d 873935 
952 |a SNK  |b SNK  |y PREZ  |7 0  |p 17A1514126  |o snkSB 98533  |i snk2022/14717  |8 4  |g 197.99  |0 0  |1 0  |4 0  |d 2022-05-18  |f 1  |l 0  |r 2025-05-19 00:00:00  |w 2026-02-24